000 01184nam a2200313Ia 4500
005 20220316235549.0
008 121119s2001 sp a gr 000 j spa
020 _a8466604022
041 1 _aspa
100 1 _aGrimm, Jacob Ludwig Karl
245 0 0 _aCuentos de los hermanos Grimm
_cselección e introducción de Clarissa Pinkola Estes ; ilustraciones de Arthur Rackham ; traducción de Inés Belaustegui
250 _aPrimera edición
300 _a330 páginas
_bilustraciones
_c22 cm
490 0 _aRelatos de hoy y de siempre
650 1 4 _aLiteratura infantil alemana
_ySiglo XIX
_2LEMB
650 1 4 _aCuentos infantiles alemanes
_ySiglo XIX
_2LEMB
650 1 4 _aHadas en la literatura
_xHistoria y crítica
_2LEMB
700 1 _aGrimm, Wilhelm Karl
_938917
700 1 _aRackham, Arthur
_eilustrador
_938918
700 1 _aBelaustegui, Inés
_etraductor
_938919
700 1 _aPinkola Estes, Clarissa
_ecompilador
_938920
942 _2loc
_cBKINF
264 _aBarcelona
_bEdiciones B
_c2001
336 _atexto
_btxt
_2rdacontent
337 _asin mediación
_bn
_2rdamedia
338 _avolumen
_bnc
_2rdacarrier
040 _aCO-BoRNBP
_bspa
_erda
_cCO-BoRNBP
084 _aC GRI1
999 _c1375
_d1375